Slovenský Flirt kontakt časopis, ktorý Vám zaručí každodenný sex!

Bibliographic Details
Other Authors: Bučková, Nella (Publishing director)
Format: Journal
Language:Slovak
PhysicalDescription:5 zv. 21 cm
Published: Prievidza PK62 2005-[2009]
Subjects:

MARC

LEADER 00000cas a2200000 a 4500
001 vtls008773544
003 SK-MaSNL
005 20260228161055.0
008 170925d20052009xo mr|p 0 b0slo
040 |a SNK  |b slo  |c SNK  |e AACR2 
041 0 |a slo 
044 |a xo  |c SK 
072 7 |a 613  |x Hygiena. Ľudské zdravie  |2 konspekt 
080 |a 613.88  |2 2011 
080 |a 050  |2 2011 
080 |a 613.88(051)  |2 2011 
245 0 0 |a Slovenský Flirt kontakt  |b časopis, ktorý Vám zaručí každodenný sex! 
246 1 3 |a Flirt kontakt 
260 |a Prievidza  |b PK62  |c 2005-[2009] 
300 |a 5 zv.  |c 21 cm 
310 |a 1x mesačne 
362 0 |a Roč. 1, č. 5 (2005)-[roč. 5, č. 3 (2009)] 
500 |a Popis podľa: Roč. 1, č. 5 (2005) 
500 |a Reg. číslo: MK SR 3349/2005 
500 |a Časopis začal vychádzať od č. 5/2005 
500 |a Od č. 7/2005 bez podnázvu 
500 |a Šéfredaktorka: 5/2005-2009, Nella Bučková 
500 |a Podnázov v tiráži: mesačník 
515 |a V č. 1/2006 uvedený roč. 1 ; v r. 2008 uvádzaný roč. 3 ; v r. 2009 chybné označenie roč. 
650 0 7 |a erotika  |2 SNKPH  |9 3764 
655 7 |a erotické časopisy  |2 SNKPH  |9 50313 
700 1 |a Bučková, Nella  |4 pbd  |9 266941 
910 |a snk 
958 |a OND 
999 |c 4231  |d 6161 
952 |0 0  |1 0  |4 0  |7 0  |8 0  |a SNK  |b SNK  |d 2017-09-22  |i snk2017/20565  |l 0  |o snkČSD 2413/1/2005  |p 17A0548282  |r 2026-02-21 21:56:19  |t č. 5-12  |w 2026-02-21  |y PREZ  |z   
952 |0 0  |1 0  |4 0  |7 0  |8 0  |a SNK  |b SNK  |d 2017-09-22  |i snk2017/20566  |l 0  |o snkČSD 2413/1/2005 D1  |p 17A0548283  |r 2026-02-21 21:56:19  |t č. 5-12, neúplné  |w 2026-02-21  |y PREZ  |z Chýba č. 11 
952 |0 0  |1 0  |4 0  |7 0  |8 0  |a SNK  |b SNK  |d 2019-02-26  |i snk2019/5209  |l 0  |o snkČSD 2413/1[2]/2006  |p 17A1343014  |r 2026-02-21 22:28:31  |t č. 1-12  |w 2026-02-21  |y PREZ  |z V č. 1 uvedený roč. 1 
952 |0 0  |1 0  |4 0  |7 0  |8 0  |a SNK  |b SNK  |d 2019-02-26  |i snk2019/5210  |l 0  |o snkČSD 2413/1[2]/2006 D1  |p 17A1343015  |r 2026-02-21 22:28:31  |t č. 1-12  |w 2026-02-21  |y PREZ 
952 |0 0  |1 0  |4 0  |7 0  |8 0  |a SNK  |b SNK  |d 2019-02-26  |i snk2019/5211  |l 0  |o snkČSD 2413/3/2007  |p 17A1343016  |r 2026-02-21 22:28:31  |t č. 1-12  |w 2026-02-21  |y PREZ 
952 |0 0  |1 0  |4 0  |7 0  |8 0  |a SNK  |b SNK  |d 2019-02-26  |i snk2019/5212  |l 0  |o snkČSD 2413/3/2007 D1  |p 17A1343017  |r 2026-02-21 22:28:31  |t č. 1-12, neúplné  |w 2026-02-21  |y PREZ  |z Chýba č. 6, 7, 10 
952 |0 0  |1 0  |4 0  |7 0  |8 0  |a SNK  |b SNK  |d 2019-02-26  |i snk2019/5213  |l 0  |o snkČSD 2413/3/2008  |p 17A1343018  |r 2026-02-21 22:28:31  |t č. 1-12  |w 2026-02-21  |y PREZ  |z Uvádzaný roč. 3 
952 |0 0  |1 0  |4 0  |7 0  |8 0  |a SNK  |b SNK  |d 2019-02-26  |i snk2019/5214  |l 0  |o snkČSD 2413/3/2008 D1  |p 17A1343019  |r 2026-02-21 22:28:31  |t č. 1-12, neúplné  |w 2026-02-21  |y PREZ  |z Uvadzaný roč. 3 ; chýba č. 7-10 
952 |0 0  |1 0  |4 0  |7 0  |8 0  |a SNK  |b SNK  |d 2019-02-26  |i snk2019/5217  |l 0  |o snkČSD 2413/2009  |p 17A1343021  |r 2026-02-21 22:28:31  |t č. 1-3  |w 2026-02-21  |y PREZ  |z Chybné označenie roč. 
952 |0 0  |1 0  |4 0  |7 0  |8 0  |a SNK  |b SNK  |d 2019-02-26  |i snk2019/5222  |l 0  |o snkČSD 2413/2009 D1  |p 17A1343022  |r 2026-02-21 22:28:32  |t č. 1-3  |w 2026-02-21  |y PREZ